Pakistans Military and its Strategy (Record no. 220567)
[ view plain ]
| 000 -LEADER | |
|---|---|
| fixed length control field | 01035nam a22002657a 4500 |
| 005 - DATE AND TIME OF LATEST TRANSACTION | |
| control field | 20211115091340.0 |
| 008 - FIXED-LENGTH DATA ELEMENTS--GENERAL INFORMATION | |
| fixed length control field | 211115b ||||| |||| 00| 0 eng d |
| 020 ## - INTERNATIONAL STANDARD BOOK NUMBER | |
| International Standard Book Number | 9788187966845 |
| 040 ## - CATALOGING SOURCE | |
| Transcribing agency | AL |
| 041 ## - LANGUAGE CODE | |
| Language code of text/sound track or separate title | eng |
| 082 ## - DEWEY DECIMAL CLASSIFICATION NUMBER | |
| Edition number | 23 |
| Classification number | 355.033 |
| Item number | CHAP |
| 100 ## - MAIN ENTRY--PERSONAL NAME | |
| Personal name | Shalini Chawla |
| 9 (RLIN) | 10359 |
| 245 ## - TITLE STATEMENT | |
| Title | Pakistans Military and its Strategy |
| 260 ## - PUBLICATION, DISTRIBUTION, ETC. | |
| Place of publication, distribution, etc. | New Delhi |
| Name of publisher, distributor, etc. | KW Publishers Pvt Ltd |
| Date of publication, distribution, etc. | 2009 |
| 300 ## - PHYSICAL DESCRIPTION | |
| Extent | xixiii,295 p. |
| Other physical details | HB |
| Dimensions | 23x15 cm. |
| 365 ## - TRADE PRICE | |
| Price amount | 720.00 |
| Currency code | ₹ |
| Unit of pricing | 720.00 |
| 520 ## - SUMMARY, ETC. | |
| Summary, etc. | his book is an attempt to fill a critical void in our knowledge in understanding Pakistan s military which on one side began to dominate the power structure of the country and at another sought a unique strategy to apply force for ideological and political goals |
| 650 ## - SUBJECT ADDED ENTRY--TOPICAL TERM | |
| Topical term or geographic name entry element | Military Science |
| 9 (RLIN) | 10360 |
| 650 ## - SUBJECT ADDED ENTRY--TOPICAL TERM | |
| Topical term or geographic name entry element | Pakistan Navy |
| 9 (RLIN) | 10361 |
| 650 ## - SUBJECT ADDED ENTRY--TOPICAL TERM | |
| Topical term or geographic name entry element | Pakistan Army |
| 9 (RLIN) | 10362 |
| 650 ## - SUBJECT ADDED ENTRY--TOPICAL TERM | |
| Topical term or geographic name entry element | Pakistan Airforce |
| 9 (RLIN) | 10363 |
| 650 ## - SUBJECT ADDED ENTRY--TOPICAL TERM | |
| Topical term or geographic name entry element | Pskistan Political, Economic. Military Trends |
| 9 (RLIN) | 10364 |
| 700 ## - ADDED ENTRY--PERSONAL NAME | |
| Personal name | CHAWLA (Shalini) |
| 9 (RLIN) | 10365 |
| 942 ## - ADDED ENTRY ELEMENTS (KOHA) | |
| Source of classification or shelving scheme | Dewey Decimal Classification |
| Koha item type | George Fernandes Collections |
| Withdrawn status | Lost status | Source of classification or shelving scheme | Damaged status | Not for loan | Collection code | Home library | Current library | Date acquired | Total Checkouts | Full call number | Barcode | Date last seen | Price effective from | Koha item type |
|---|---|---|---|---|---|---|---|---|---|---|---|---|---|---|
| Dewey Decimal Classification | Others | St Aloysius Library | St Aloysius Library | 03/24/2013 | 355.033 CHAP | GF03269 | 11/15/2021 | 11/15/2021 | George Fernandes Collections |